Größte Orte in Sachsen A-Z - Statistiken

Allgemein
  • Dieses Quiz wurde 109 mal gespielt
  • Das Durchschnittsergebnis liegt bei 14 aus 22
Antwortstatistiken
Landkreis Einwohnerzahl Ort % Korrekt
C kreisfrei 250.681 Chemnitz
100%
D kreisfrei 566.222 Dresden
99%
Z keine Hinweise, das wäre sonst zu einfach 87.593 Zwickau
98%
L kreisfrei 619.879 Leipzig
97%
B keine Hinweise, das wäre sonst zu einfach 38.093 Bautzen
96%
G keine Hinweise, das wäre sonst zu einfach 56.694 Görlitz
95%
P Vogtland 65.218 Plauen
90%
A Erzgebirge 19.698 Aue-Bad Schlema
85%
M keine Hinweise, das wäre sonst zu einfach 29.051 Meißen
85%
F Mittelsachsen 41.045 Freiberg
75%
H Bautzen 31.404 Hoyerswerda
69%
T Nordsachsen 19.683 Torgau
61%
R Meißen 33.804 Radebeul
59%
K Bautzen 16.861 Kamenz
48%
O Nordsachsen 14.089 Oschatz
44%
E Nordsachsen 16.201 Eilenburg
41%
W Zwickau 20.793 Werdau
35%
S Nordsachsen 19.234 Schkeuditz
30%
N Sächsische Schweiz-Osterzgebirge 11.929 Neustadt in Sachsen
24%
J Erzgebirge 5.368 Jahnsdorf/Erzgeb.
14%
Q Görlitz 1.229 Quitzdorf am See
6%
V Görlitz 1.639 Vierkirchen
2%
Keine übereinstimmenden Quizze gefunden
Verteilung der Resultate
Anzahl Personen mit jedem Resultat
Perzentil nach korrekt beantworteten Fragen
Ihre Resultats-Entwicklung
Sie haben dieses Quiz noch nicht gespielt